00853nam a2200205Ia 4500008004100000082001800041100001800059245002600077250000800103260003300111300000900144500002400153650001600177942000700193952010700200952010700307952010800414952010800522999001700630230524s9999 xx 000 0 und d a621.3822bMOJ aMonojit Mitra 0aMicrowave Engineering a2ND aNEW DELHIbDhanpat Raic2004 a15.6 aQuantity Number: 4 aElectronics cBK 00104070aTATCLbTATCLcGENd2023-05-24l0o621.3822 MOJp6277r2023-05-24w2023-05-24yBKzCPEC5305 00104070aTATCLbTATCLcGENd2023-05-24l0o621.3822 MOJp6278r2023-05-24w2023-05-24yBKzCPEC5305 00104070aTATCLbTATCLcGENd2023-05-24l0o621.3822 MOJp18106r2023-05-24w2023-05-24yBKzCPEC5305 00104070aTATCLbTATCLcGENd2023-05-24l0o621.3822 MOJp18107r2023-05-24w2023-05-24yBKzCPEC5305 c16858d16858